00952nam a2200241 a 4500001001000000003000900010005001700019008004100036040003000077041000800107082003300115245010200148264008900250300005500339336002800394337003300422338002800455500002100483500007300504504003200577651006600609700003500675000032081DO-SdBNP20250630100924.0110712s19uu dr 000 0 spa d aDO-SdBNPbspacBNPHUerda17aeng 4222a972.93053bG158e [197-?]10aThe era of Trujillo, dominican dictator /cJesús de Galíndez ; editor, Russell H. Fitzgibbon. a [Lugar de publicación no identificado] :bUniversity of Arizona Press,c[197-?]. a298 páginas :bilustraciones, retratos ;c23 cm. 2rdacontent atextobtxt 2rdamediaasin mediaciónbn 2rdacarrieravolumenbnc aIncluye índice aIncluye referencias bibliográficas y notas al pie de las páginas aBibliografía : p. 285-288 0aRepública DominicanaxHistoria yEra de Trujillo, 1930-19611 aFitzgibbon, Russell H.eeditor